| 000 | 00578nam a2200217Ia 4500 | ||
|---|---|---|---|
| 005 | 20240316115111.0 | ||
| 008 | 131103s9999 xx 000 0 und d | ||
| 020 |
_a706922700 _cRs.125 |
||
| 040 | _aLoreto College | ||
| 041 | _aEnglish | ||
| 082 |
_a372.954 _bKUR |
||
| 245 |
_aElementary Education in India, _b _cJohn Kurrien |
||
| 250 | _aMyth,reality, alternative | ||
| 260 |
_aDelhi _bVikas Publishing House _c1983 |
||
| 300 | _a247 p. | ||
| 504 | _aIncludes bibliography | ||
| 650 | _aElementry Education | ||
| 651 | _aIndia | ||
| 850 | _aLCLIB | ||
| 942 | _cBK | ||
| 999 |
_c10457 _d60936 |
||